Divus augustinus vitae spiritualis magister: seu instructio hominis christiani per pia quaedam ac salutaria documenta ex sanctissimi patris ac maximi ecclesiae
Salvato in:
| Autore principale: | |
|---|---|
| Natura: | Libro |
| Lingua: | latino |
| Pubblicazione: |
Barcelona
Libreria Religiosa
1895
|
| Edizione: | 1a. ed |
| Soggetti: | |
| Tags: |
Aggiungi Tag
Nessun Tag, puoi essere il primo ad aggiungerne!!
|
MARC
| LEADER | 00000cam a2200000 a 4500 | ||
|---|---|---|---|
| 001 | UCD0282 | ||
| 003 | CL-VaPUC | ||
| 008 | 151120e18950000sp |||||||||||||||||lat|d | ||
| 082 | 0 | 4 | |a 248.2 |b MAY |2 21 |
| 100 | |a Mayr, Felice |e autor |9 583269 | ||
| 245 | 1 | 0 | |a Divus augustinus vitae spiritualis magister: seu instructio hominis christiani per pia quaedam ac salutaria documenta ex sanctissimi patris ac maximi ecclesiae |
| 250 | |a 1a. ed | ||
| 300 | |a t | ||
| 942 | |c BK | ||
| 945 | |d 20151120 13:39:00 |a gsalatino | ||
| 260 | |a Barcelona |b Libreria Religiosa |c 1895 | ||
| 650 | 0 | |a Vida espiritual |9 307811 | |
| 650 | 0 | |a Oración |9 313348 | |
| 650 | 0 | |a Vida cristiana |9 258753 | |
| 583 | |a last modification |c 20151120 13:39:00 |k Rodrigo Vera | ||
| 999 | |c 361848 |d 361846 | ||
| 952 | |0 0 |1 0 |3 erd |4 0 |6 248_200000000000000_MAY_1895 |7 0 |8 P |9 472585 |a BIBTEO |b BIBTES |c TEO_FTES |h t.1 |i 5271010 |o 248.2 MAY 1895 |p 5271010 |r 2024-01-18 |w 2019-11-24 |y BK |z Catalogado en:20151120 |k ICR | ||
| 952 | |0 0 |1 0 |3 erd |4 0 |6 248_200000000000000_MAY_1895 |7 0 |8 P |9 472586 |a BIBTEO |b BIBTES |c TEO_FTES |h t.2 |i 5271029 |o 248.2 MAY 1895 |p 5271029 |r 2024-01-18 |w 2019-11-24 |y BK |z Catalogado en:20151120 |k ICR | ||